[Event "Coupe Niveau 6"]
[Site "www.echecsemail.com"]
[Date "2026.01.30"]
[Round "1"]
[White "Carrighir"]
[Black "Breitenbach"]
[WhiteElo "2120"]
[BlackElo "2240"]
[Result "0-1"]
1.e4 e6
2.d4 d5
3.e5 c5
4.c3 Nb8c6
5.Ng1f3 Qd8b6
6.a3 Bc8d7
7.b4 c4
8.a4 Ng8e7
9.Bf1e2 h5
10.Nb1a3 Ne7f5
11.O-O Bf8e7
12.Nf3g5 g6
13.Na3c2 Qb6d8
14.f4 a6
15.Nc2e3 Nf5xe3
16.Bc1xe3 b5
17.axb5 axb5
18.h4 f6
19.exf6 Be7xf6
20.Qd1c2 Rh8g8
21.Be2xh5 gxh5
22.Qc2h7 Rg8g7
23.Qh7xh5 Ke7
24.Ra1xa8 Qd8xa8
25.f5 Qa8g8
26.fxe6 Bd7xe6
27.Ng5xe6 Qg8xe6
{ abandon }0-1

[Event "Eq:Pirates du Mat-Vikings :"]
[Site "www.echecsemail.com"]
[Date "2026.01.30"]
[Round "1"]
[White "Viv59"]
[Black "Sp52"]
[WhiteElo "2300"]
[BlackElo "2420"]
[Result "0-1"]
1.d4 d5
2.c4 e6
3.Nb1c3 c6
4.Ng1f3 dxc4
5.a4 Bf8b4
6.e4 b5
7.Nf3e5 Ng8f6
8.Bc1g5 Bc8b7
9.Bf1e2 Nb8d7
10.Qd1c2 h6
11.Bg5h4 Nd7xe5
12.dxe5 g5
13.Bh4g3 Nf6d7
14.O-O a6
15.Be2h5 Qd8e7
16.f4 O-O
17.Nc3e2 Ra8d8
18.Rf1f3 Nd7c5
19.Ra1d1 Rd8xd1
20.Qc2xd1 Nc5xe4
21.fxg5 Qe7xg5
22.Ne2f4 Qg5xe5
23.Qd1d7 Qe5d6
24.Qd7xd6 Bb4xd6
25.Nf4e2 Ne4xg3
26.hxg3 c5
27.Rf3f1 Bd6e5
{ abandon }0-1

[Event "Tournoi n27406"]
[Site "www.echecsemail.com"]
[Date "2026.01.30"]
[Round "1"]
[White "Wenoketo"]
[Black "Albescab"]
[WhiteElo "1710"]
[BlackElo "1620"]
[Result "1-0"]
1.d4 d5
2.Ng1f3 Bc8g4
3.e3 e6
4.Bf1e2 Ng8f6
5.Nb1d2 Bf8d6
6.h3 Bg4f5
7.O-O Qd8d7
8.a3 Nb8c6
9.c4 e5
10.c5 Bd6e7
11.Be2b5 Bf5xh3
12.Nf3xe5 Qd7e6
13.Ne5xc6 Bh3xg2
14.Nc6xe7 c6
15.Bb5xc6 bxc6
16.Kxg2 Qe6xe7
17.Rf1h1 O-O
18.Qd1f3 Ra8b8
19.b4 Nf6e4
20.Nd2xe4 dxe4
21.Qf3h3 h6
22.Bc1d2 f5
23.Ra1g1 Qe7e6
24.Kf1 Rb8b7
25.Bd2e1 Rf8f6
26.f4 Qe6c4
27.Kg2 Qc4a2
28.Be1f2 Qa2xa3
29.Kh2 Qa3xb4
30.Bf2h4 Rf6e6
31.Qh3xf5 Qb4c4
32.Rg1c1 Qc4e2
33.Kh3 Qe2xe3
34.Bh4g3 Re6e8
35.Rh1e1 Qe3xd4
36.Re1g1 Rb7b3
37.Rg1g2 e3
38.Qf5g6 Qd4e4
39.Qg6xe4 Re8xe4
40.Rg2e2 a5
41.Rc1e1 a4
42.Re1a1 a3
43.Kg4 Re4c4
44.Kf5 Rc4xc5
45.Ke6 Rc5b5
46.f5 Rb3b2
47.Re2xe3 a2
48.Re3a3 Rb5b3
49.Ra3xb3 Rb2xb3
50.Bg3d6 Rb3b2
51.Kd7 Kf7
52.Bd6e5 Rb2c2
53.Ra1g1 g6
54.Rg1xg6 Rc2c5
55.Rg6f6 Kg8
56.Be5b2 h5
57.Rf6g6 Kf7
58.Rg6f6 Kg7
59.Rf6xc6 Kf7
60.Rc6xc5 h4
61.Rc5a5 h3
62.Ra5xa2 h2
63.Ra2a1 Kg8
64.Ra1h1 { abandon }1-0

[Event "Tournoi n27407"]
[Site "www.echecsemail.com"]
[Date "2026.01.30"]
[Round "1"]
[White "Zadkine1"]
[Black "Tiounet"]
[WhiteElo "1700"]
[BlackElo "1580"]
[Result "0-1"]
1.d4 b5
2.e4 Bc8b7
3.f3 a6
4.Bc1f4 Ng8f6
5.Bf1d3 g6
6.Nb1d2 Bf8g7
7.Qd1e2 O-O
8.O-O-O d6
9.e5 dxe5
10.dxe5 Nf6d5
11.Bd3e4 Qd8c8
12.Nd2b3 Nd5xf4
13.Qe2e3 Nf4xg2
14.Qe3g5 Bb7xe4
15.fxe4 Qc8e6
16.Qg5xg2 Qe6xe5
17.Nb3d4 c5
18.Nd4e2 Qe5xb2
19.Kd2 Rf8d8
20.Ke1 Nb8d7
21.Ng1f3 Qb2xc2
22.Rd1d2 Qc2b1
23.Kf2 Qb1b4
24.Ne2g3 Nd7e5
25.Nf3xe5 Rd8xd2
26.Ng3e2 Bg7xe5
27.Qg2g5 Be5d4
28.Kf3 Qb4a3
29.Kg2 Rd2xe2
{ abandon }0-1

[Event "Tournoi n27373"]
[Site "www.echecsemail.com"]
[Date "2026.01.30"]
[Round "1"]
[White "Ephixe"]
[Black "Jyfsk"]
[WhiteElo "1810"]
[BlackElo "1790"]
[Result "1-0"]
1.d4 Ng8f6
2.c4 e6
3.Nb1c3 Bf8e7
4.Bc1f4 O-O
5.e3 b6
6.Qd1f3 c6
7.Bf1d3 Bc8b7
8.Qf3h3 g6
9.Bf4e5 Nf6h5
10.Bd3e2 d6
11.Be5g3 Nh5g7
12.Bg3f4 Nb8d7
13.Nc3e4 Nd7f6
14.Ne4xf6 Be7xf6
15.b3 c5
16.Ng1f3 Bb7xf3
17.Be2xf3 Ra8b8
18.Ra1d1 cxd4
19.exd4 Rf8e8
20.O-O Qd8e7
21.Rf1e1 Ng7f5
22.Bf4e3 Nf5xe3
23.fxe3 Bf6g7
24.Kf2 a6
25.Rd1c1 f5
26.g3 a5
27.Qh3g2 Rb8c8
28.a4 Qe7d7
29.c5 bxc5
30.dxc5 Rc8xc5
31.Rc1xc5 dxc5
32.Bf3c6 Qd7d8
33.Bc6xe8 Qd8xe8
34.Re1c1 Qe8c8
35.Rc1c4 Bg7f8
36.Qg2f1 Qc8b7
37.Rc4c3 Kf7
38.Rc3d3 Kf6
39.Ke2 h5
40.Qf1f4 e5
41.Qf4f3 Qb7b6
42.e4 Bf8d6
43.exf5 gxf5
44.h3 e4
45.Rd3xd6 Qb6xd6
46.Qf3xh5 Qd6xg3
47.Qh5h6 Ke5
48.Qh6b6 Qg3c3
49.h4 Qc3c2
50.Ke1 e3
51.Qb6c7 Ke4
52.Qc7e7 Kf3
53.Qe7b7 Qc2e4
54.Qb7xe4 fxe4
55.h5 { abandon }1-0

[Event "Coupe Niveau 4"]
[Site "www.echecsemail.com"]
[Date "2026.01.30"]
[Round "1"]
[White "Alain64"]
[Black "Elghribi"]
[WhiteElo "2090"]
[BlackElo "1910"]
[Result "1-0"]
1.f4 Ng8f6
2.Ng1f3 g6
3.b3 Bf8g7
4.Bc1b2 O-O
5.d4 d6
6.Nb1c3 c6
7.e4 Nb8d7
8.e5 Nf6d5
9.Nc3xd5 cxd5
10.Bf1d3 dxe5
11.fxe5 e6
12.O-O h6
13.Qd1e2 a6
14.c4 Nd7b6
15.Ra1c1 Bc8d7
16.Qe2c2 Ra8c8
17.Kh1 Bd7c6
18.Bb2a3 Rf8e8
19.Ba3d6 Nb6d7
20.c5 Nd7f8
21.g3 Nf8h7
22.Nf3h4 Qd8g5
23.Rf1f2 Bg7f8
24.Bd6xf8 Nh7xf8
25.Rc1f1 Re8e7
26.Rf2f6 Kg7
27.Kg2 Nf8d7
28.Nh4xg6 { abandon }1-0

[Event "Tournoi n27386"]
[Site "www.echecsemail.com"]
[Date "2026.01.30"]
[Round "1"]
[White "Odemevol"]
[Black "Nicadria22"]
[WhiteElo "1940"]
[BlackElo "1900"]
[Result "1/2-1/2"]
1.d4 Ng8f6
2.c4 e6
3.Ng1f3 b6
4.g3 Bc8a6
5.Qd1c2 Ba6b7
6.Bf1g2 Bb7e4
7.Qc2d1 c5
8.O-O d6
9.e3 Bf8e7
10.Nb1c3 Be4b7
11.Qd1c2 O-O
12.b3 Nb8d7
13.Bc1b2 a6
14.Ra1d1 cxd4
15.exd4 Ra8c8
16.Qc2b1 Rf8e8
17.Rf1e1 h6
18.h4 Nf6g4
19.Nf3h2 Bb7xg2
20.Kxg2 Nd7f6
21.Nh2f1 Nf6d7
22.Nf1h2 Nd7f6
23.Nh2xg4 Nf6xg4
24.f3 Ng4f6
25.Nc3e4 d5
26.Ne4xf6 Be7xf6
27.Qb1d3 dxc4
28.bxc4 Qd8c7
29.Rd1c1 Re8d8
30.Qd3e4 Qc7d6
31.Re1d1 Qd6b4
32.Qe4e2 b5
33.cxb5 Rc8xc1
34.Rd1xc1 Bf6xd4
35.Bb2xd4 Rd8xd4
36.Rc1c8 Kh7
37.Rc8c2 axb5
38.Rc2b2 Qb4c4
39.Qe2f2 b4
40.Rb2c2 Qc4d5
41.Rc2b2 Qd5d6
42.Qf2c2 g6
43.h5 e5
44.hxg6 fxg6
45.Qc2c1 Kg7
46.Rb2e2 g5
47.g4 Kf6
48.Qc1c2 Qd6d5
49.Qc2f5 Kg7
50.Re2xe5 Qd5xa2
51.Kg3 Qa2f7
52.Re5b5 Qf7c7
53.Qf5e5 Qc7xe5
54.Rb5xe5 Kf6
55.Re5e3 Kf7
56.Kf2 Rd4c4
57.Ke2 Rc4c2
58.Kd1 Rc2c3
59.Re3xc3 bxc3
60.Kc2 Ke6
61.Kxc3 Ke5
62.Kd3 Kf4
63.Ke2 Kg3
64.Ke3 Kg2
65.f4 gxf4
66.Kxf4 Kh3
67.g5 hxg5
68.Kxg5 1/2-1/2

[Event "Tournoi n27374"]
[Site "www.echecsemail.com"]
[Date "2026.01.30"]
[Round "1"]
[White "Nicadria22"]
[Black "Desaintfegor"]
[WhiteElo "1920"]
[BlackElo "1820"]
[Result "1/2-1/2"]
1.e4 e5
2.Ng1f3 Nb8c6
3.Bf1b5 d6
4.d4 Bc8d7
5.d5 Nc6b8
6.Bb5e2 Ng8f6
7.Nb1c3 c6
8.Bc1g5 Bf8e7
9.O-O O-O
10.h3 Nb8a6
11.Be2xa6 bxa6
12.Rf1e1 h6
13.Bg5e3 c5
14.a4 Qd8a5
15.Be3d2 Qa5d8
16.Qd1e2 Nf6h7
17.Qe2xa6 Qd8b6
18.Qa6xb6 axb6
19.b3 f5
20.exf5 Bd7xf5
21.Nc3e4 Bf5xe4
22.Re1xe4 Nh7f6
23.Re4e2 Nf6xd5
24.Ra1d1 Rf8f7
25.Bd2e1 Nd5f4
26.Re2e3 Ra8f8
27.Kh2 Rf7f6
28.c4 Nf4e6
29.Nf3d2 Rf6f7
30.Nd2e4 Ne6d4
31.f3 Be7g5
32.Ne4xg5 hxg5
33.Rd1d2 Nd4f5
34.Re3d3 Nf5d4
35.Rd2d1 g6
36.a5 bxa5
37.Be1xa5 Rf8a8
38.Ba5e1 Ra8a2
39.Kg3 Nd4e2
40.Kh2 Ne2f4
41.Rd3d2 Ra2xd2
42.Rd1xd2 Rf7b7
43.g3 Nf4e6
44.Rd2xd6 Kf7
45.Rd6d5 Kf6
46.Be1c3 Ne6d4
47.Rd5xc5 Rb7xb3
48.Bc3xd4 exd4
49.Kg2 Rb3b2
50.Kg1 d3
51.Rc5d5 d2
52.Kf1 Rb2b1
53.Ke2 d1Q
54.Rd5xd1 Rb1xd1
55.Kxd1 Ke5
56.Ke2 Kd4
57.c5 Kxc5
58.Ke3 Kd5
59.f4 gxf4
60.Kxf4 Ke6
61.Kg5 Kf7
62.Kh6 Kf6
63.h4 Kf5
64.h5 gxh5
65.Kxh5 Kf6
66.g4 Kf7
67.g5 Kg7
68.g6 Kg8
69.Kh6 Kh8
{ nul }1/2-1/2

[Event "Tournoi n27408"]
[Site "www.echecsemail.com"]
[Date "2026.01.30"]
[Round "1"]
[White "Verson"]
[Black "Nicadria22"]
[WhiteElo "1840"]
[BlackElo "1890"]
[Result "1-0"]
1.d4 d5
2.Ng1f3 Ng8f6
3.e3 e6
4.Bf1d3 c5
5.c3 Nb8c6
6.Nb1d2 Bf8e7
7.O-O O-O
8.b3 b6
9.Bc1b2 Bc8b7
10.e4 dxe4
11.Nd2xe4 cxd4
12.cxd4 Nf6d5
13.Qd1d2 h6
14.a3 f5
15.Ra1c1 fxe4
16.Bd3xe4 Be7f6
17.b4 Ra8b8
18.Be4b1 Qd8d6
19.Qd2d3 Nd5e7
20.Rf1e1 Ne7f5
21.g4 Nf5h4
22.Nf3xh4 Bf6xh4
23.Qd3h7 Kf7
24.Bb1g6 Kf6
25.d5 Kg5
26.Bg6d3 Bh4xf2
27.Kg2 Qd6xd5
28.Bd3e4 Qd5d2
29.Qh7xg7 Kf4
30.Qg7xh6 { abandon }1-0

[Event "Défi"]
[Site "www.echecsemail.com"]
[Date "2026.01.30"]
[Round "1"]
[White "Buzz84"]
[Black "Jlr"]
[WhiteElo "1440"]
[BlackElo "1380"]
[Result "1-0"]
1.d4 d5
2.Bc1f4 e6
3.Nb1c3 Nb8c6
4.e3 f5
5.Ng1f3 h6
6.Bf1e2 g5
7.Bf4e5 Nc6xe5
8.Nf3xe5 Ng8e7
9.O-O g4
10.f3 Bf8g7
11.fxg4 Bg7xe5
12.dxe5 Ne7g6
13.Be2d3 Qd8g5
14.Qd1e2 Ng6xe5
15.gxf5 exf5
16.Nc3xd5 Kd8
17.c4 c6
18.Nd5f4 Ne5g4
19.Nf4h3 Qg5h4
20.Rf1f4 Qh4h5
21.Qe2d2 Bc8d7
22.Bd3e2 Rh8h7
23.Ra1f1 Rh7e7
24.Rf4xf5 Qh5e8
25.Be2xg4 Kc7
26.Rf5f4 Ra8d8
27.Qd2a5 Kb8
28.Nh3f2 Bd7xg4
29.Nf2xg4 b6
30.Qa5c3 h5
31.Ng4f6 Qe8g6
32.e4 Re7g7
33.g3 h4
34.g4 Qg6h6
35.Nf6h5 c5
36.Qc3e5 Kb7
37.Nh5xg7 Rd8d2
38.Rf4f7 Ka6
39.Qe5c3 Qh6d6
40.Qc3a3 1-0

[Event "BHOUTAN"]
[Site "www.echecsemail.com"]
[Date "2026.01.30"]
[Round "1"]
[White "4x4"]
[Black "Mindthegap"]
[WhiteElo "1450"]
[BlackElo "1440"]
[Result "1-0"]
1.e4 e5
2.Ng1f3 Ng8f6
3.Nf3xe5 d6
4.Ne5f3 Nf6xe4
5.Nb1c3 Ne4xc3
6.dxc3 Bf8e7
7.Bc1e3 Nb8d7
8.Bf1c4 c6
9.Nf3d4 Nd7e5
10.Bc4b3 O-O
11.Qd1d2 Rf8e8
12.O-O-O h6
13.f4 Ne5g4
14.h3 Ng4xe3
15.Qd2xe3 Be7g5
16.Qe3g3 Bg5f6
17.Kb1 Bc8e6
18.Nd4xe6 fxe6
19.Rd1d2 a5
20.a3 d5
21.c4 a4
22.Bb3a2 Ra8a6
23.cxd5 Ra6b6
24.c3 Qd8xd5
25.Ba2xd5 { abandon }1-0

[Event "Défi"]
[Site "www.echecsemail.com"]
[Date "2026.01.30"]
[Round "1"]
[White "Chomi64"]
[Black "Manulatus"]
[WhiteElo "1880"]
[BlackElo "1880"]
[Result "1/2-1/2"]
1.d4 d5
2.Ng1f3 Ng8f6
3.Nb1d2 c6
4.e3 Bc8g4
5.Bf1d3 e6
6.e4 dxe4
7.Nd2xe4 Nb8d7
8.Bc1f4 Nf6xe4
9.Bd3xe4 Nd7f6
10.Be4d3 Bf8d6
11.Bf4g3 Bd6xg3
12.hxg3 Bg4xf3
13.gxf3 Qd8xd4
14.c3 Qd4d6
15.Bd3c2 Ra8d8
16.Qd1e2 O-O
17.g4 Qd6f4
18.Qe2e3 Qf4xe3
19.fxe3 Rd8d6
20.e4 Rd6d7
21.Ra1d1 Rd7xd1
22.Kxd1 h6
23.Ke2 Rf8d8
24.Rh1d1 Rd8xd1
25.Bc2xd1 Kf8
26.Ke3 c5
27.b4 cxb4
28.cxb4 b6
29.Bd1b3 Ke7
30.Kd4 Nf6e8
31.e5 Ne8c7
32.a4 Nc7a6
33.Kc4 Kd7
34.a5 Na6c7
35.axb6 axb6
36.Bb3a4 Kc8
37.Ba4c6 Nc7a6
38.Kb5 Kc7
39.Bc6e8 Kb7
40.Be8xf7 Ka7
41.Kc4 Na6c7
42.f4 Kb7
43.f5 exf5
44.gxf5 Kc8
45.Bf7h5 Kd7
46.b5 Ke7
47.Bh5e2 Kf7
48.Be2h5 Ke7
49.Bh5g6 Kf8
50.f6 gxf6
51.exf6 Kg8
52.Bg6h5 Kf8
53.f7 Kg7
54.Kb4 Kf8
55.Kc4 { nul }1/2-1/2

[Event "Michael Tal 30"]
[Site "www.echecsemail.com"]
[Date "2026.01.30"]
[Round "1"]
[White "Emmanuel"]
[Black "Tahar"]
[WhiteElo "1950"]
[BlackElo "1980"]
[Result "0-1"]
1.b3 e5
2.Bc1b2 d6
3.e3 Ng8f6
4.g3 Bf8e7
5.Bf1g2 c6
6.Ng1e2 O-O
7.O-O Rf8e8
8.f4 e4
9.c4 d5
10.Nb1c3 Bc8e6
11.f5 Be6d7
12.Kh1 Qd8c8
13.Bg2h3 h6
14.d3 exd3
15.Qd1xd3 dxc4
16.bxc4 Re8d8
17.Qd3c2 Nb8a6
18.a3 Rd8e8
19.e4 Nf6h7
20.e5 Nh7g5
21.Bh3g4 Na6c7
22.Nc3e4 Ng5xe4
23.Qc2xe4 c5
24.Kg1 Be7g5
25.Ne2f4 Bd7c6
26.Nf4d5 Nc7a6
27.f6 Bc6d7
28.Bg4xd7 Qc8xd7
29.fxg7 Qd7e6
30.Nd5f6 Bg5xf6
31.Qe4xb7 Bf6xg7
32.Ra1e1 Ra8b8
33.Qb7g2 Qe6xc4
34.Re1e4 Qc4e6
35.Rf1d1 Qe6f5
36.Re4f4 Qf5g6
37.Rd1f1 Re8f8
38.Rf4f2 Na6c7
39.Qg2c6 Qg6xc6
{ abandon }0-1

[Event "Tournoi n27429"]
[Site "www.echecsemail.com"]
[Date "2026.01.30"]
[Round "1"]
[White "Tiounet"]
[Black "Wenoketo"]
[WhiteElo "1600"]
[BlackElo "1680"]
[Result "1-0"]
1.a3 e5
2.b4 d6
3.Bc1b2 Ng8f6
4.g3 Bc8e6
5.Bf1g2 c6
6.Ng1f3 Bf8e7
7.O-O O-O
8.d3 Nb8d7
9.c4 Ra8c8
10.Nb1c3 h6
11.Nf3d2 Rc8c7
12.a4 a6
13.b5 axb5
14.axb5 c5
15.Ra1a7 b6
16.Qd1a1 Rc7xa7
17.Qa1xa7 Qd8b8
18.Qa7xb8 Rf8xb8
19.Rf1a1 Kf8
20.Bg2c6 Be7d8
21.Nc3e4 Bd8c7
22.Ra1a7 Bc7d8
23.Ne4xd6 Bd8e7
24.Bc6xd7 Nf6xd7
25.Nd2e4 Be7xd6
26.Ne4xd6 Ke7
27.Bb2xe5 f6
28.Nd6f5 Be6xf5
29.Be5xb8 { abandon }1-0

[Event "ZGOUGOU"]
[Site "www.echecsemail.com"]
[Date "2026.01.30"]
[Round "1"]
[White "4x4"]
[Black "Youliyouli"]
[WhiteElo "1480"]
[BlackElo "1870"]
[Result "0-1"]
1.e4 e5
2.Ng1f3 Nb8c6
3.Nb1c3 Ng8f6
4.Bf1c4 Nf6xe4
5.Nc3xe4 d5
6.Ne4g5 dxc4
7.d3 cxd3
8.cxd3 Bc8g4
9.Bc1e3 Bf8e7
10.Qd1b3 Bg4xf3
11.Ng5xf3 b6
12.h4 Nc6d4
13.Nf3xd4 exd4
14.Be3g5 Be7xg5
15.hxg5 Qd8xg5
16.Qb3a4 b5
17.Qa4xd4 O-O
18.g3 Rf8e8
19.Kf1 a6
20.Ra1e1 Re8d8
21.Qd4c3 c5
22.Rh1h4 h6
23.Re1e5 b4
24.Qc3xc5 Qg5d2
25.Re5e3 a5
26.Rh4d4 Rd8c8
27.Qc5e5 Rc8c2
28.Rd4f4 Rc2xb2
29.Re3e2 Qd2d1
30.Re2e1 Qd1xd3
31.Kg1 Rb2xa2
32.Rf4e4 Qd3f3
33.Re4e2 Ra2xe2
34.Re1xe2 b3
35.Qe5b2 a4
36.Re2e3 Qf3d1
37.Kg2 a3
38.Qb2e5 a2
39.Qe5e4 a1Q
40.Qe4f5 Qd1h1
0-1

[Event "Défi"]
[Site "www.echecsemail.com"]
[Date "2026.01.30"]
[Round "1"]
[White "Khamis"]
[Black "Regor"]
[WhiteElo "1920"]
[BlackElo "1980"]
[Result "0-1"]
1.d4 Ng8f6
2.c4 g6
3.Nb1c3 Bf8g7
4.e4 d6
5.h3 O-O
6.Ng1f3 Nf6d7
7.Bf1e2 e5
8.d5 a6
9.O-O h6
10.Bc1e3 f5
11.exf5 Rf8xf5
12.Be2d3 Rf5f6
13.Qd1d2 g5
14.Nc3e4 Rf6f7
15.Ra1b1 Nd7f8
16.Ne4g3 Bc8d7
17.b4 c6
18.Ng3h5 Bd7xh3
19.Nh5xg7 Kxg7
20.Nf3xg5 hxg5
21.gxh3 Nf8g6
22.Be3xg5 Qd8h8
23.Kh2 Ng6f4
24.Bg5xf4 Rf7xf4
25.Qd2e2 Nb8d7
26.Rf1g1 Kf7
27.Bd3g6 Ke7
28.Rg1g3 Ra8f8
29.Kg2 Qh8f6
30.Rb1f1 Nd7b6
31.dxc6 bxc6
32.c5 Nb6d5
33.a3 Nd5c3
34.Qe2xa6 Rf4xf2
35.Rf1xf2 Qf6xf2
36.Kh1 Qf2xg3
37.Qa6b7 Ke6
{ abandon }0-1

[Event "CHATURANGA"]
[Site "www.echecsemail.com"]
[Date "2026.01.30"]
[Round "1"]
[White "Casisimed"]
[Black "Mindthegap"]
[WhiteElo "1590"]
[BlackElo "1460"]
[Result "0-1"]
1.e4 e5
2.Ng1f3 Ng8f6
3.Bf1c4 Nf6xe4
4.Nf3xe5 d5
5.Bc4b3 Qd8g5
6.Ne5g4 Bc8xg4
7.f3 Qg5h4
8.Ke2 Qh4f2
9.Kd3 Ne4c5
10.Kc3 Nb8c6
11.Rh1e1 Bg4e6
12.Bb3xd5 Qf2d4
0-1

[Event "Défi"]
[Site "www.echecsemail.com"]
[Date "2026.01.30"]
[Round "1"]
[White "Utopia65"]
[Black "Mokanne"]
[WhiteElo "1520"]
[BlackElo "1430"]
[Result "1-0"]
1.d4 g6
2.e3 Bf8g7
3.Ng1f3 d5
4.Bf1d3 a6
5.O-O Bc8d7
6.Nb1d2 c6
7.Rf1e1 Bd7c8
8.b3 Bc8d7
9.Kh1 e6
10.Bc1b2 f6
11.Bb2c3 Bg7f8
12.a4 Bf8d6
13.Qd1c1 Ng8e7
14.e4 Ne7g8
15.g3 e5
16.dxe5 Bd6e7
17.Nf3g1 Be7c5
18.Kg2 d4
19.Bc3b2 fxe5
20.Re1f1 Qd8c8
21.Ng1f3 Bd7h3
22.Kg1 Bh3xf1
23.Nd2xf1 Bc5e7
24.Nf3xe5 c5
25.Bd3e2 Be7f6
26.Ne5c4 Qc8c7
27.Be2d3 Nb8c6
28.Bb2a3 b6
29.b4 Bf6e7
30.f4 cxb4
31.Ba3b2 Be7c5
32.Nf1d2 Ng8f6
33.Kg2 Nf6g4
34.Nd2f1 Ng4e3
35.Nf1xe3 Rh8g8
36.Ne3d5 Qc7d8
37.Qc1e1 Kf7
38.Qe1h1 Qd8b8
39.Ra1f1 Nc6a5
40.Nc4e5 Kg7
41.Qh1g1 Na5b7
42.Bb2xd4 Qb8d6
43.Bd3c4 Bc5xd4
44.Qg1xd4 Qd6c5
45.Qd4b2 Qc5e3
46.Nd5xe3 Rg8e8
47.Ne3g4 a5
48.Ne5d7 { abandon }1-0

[Event "Défi"]
[Site "www.echecsemail.com"]
[Date "2026.01.30"]
[Round "1"]
[White "Chomi64"]
[Black "Calcedoine"]
[WhiteElo "1870"]
[BlackElo "1800"]
[Result "1-0"]
1.d4 d5
2.Ng1f3 Ng8f6
3.Nb1d2 Nb8c6
4.e3 a6
5.Bf1d3 Nc6b4
6.Bd3e2 Bc8f5
7.e4 dxe4
8.Nf3h4 e6
9.c3 Nb4d5
10.Nh4xf5 exf5
11.Nd2f1 b5
12.a3 Bf8d6
13.Nf1g3 g6
14.Qd1c2 O-O
15.O-O Rf8e8
16.Bc1g5 Qd8c8
17.c4 bxc4
18.Be2xc4 Kg7
19.Qc2b3 Qc8e6
20.Bg5xf6 Kxf6
21.Bc4xd5 Qe6e7
22.Bd5xa8 Re8xa8
23.Qb3c3 Kg7
24.Rf1e1 Ra8b8
25.Re1e2 c5
26.Ra1b1 cxd4
27.Qc3xd4 Bd6e5
28.Qd4d2 Rb8b3
29.Qd2a5 Qe7f6
30.Ng3f1 Be5d4
31.Qa5d2 Qf6e5
32.Nf1e3 Bd4c5
33.Ne3c4 Qe5e6
34.Qd2c2 Rb3b7
35.Nc4a5 Rb7c7
36.Qc2b3 Qe6e5
37.Na5c4 Qe5e6
38.Nc4d2 Qe6e7
39.Nd2f1 f4
40.Rb1c1 f3
41.Re2c2 fxg2
42.Kxg2 e3
43.Nf1xe3 Qe7g5
44.Kf1 Qg5e5
45.Qb3c3 h5
46.Qc3xe5 { abandon }1-0

[Event "Eq:Avalon-Les Gens du Sud :"]
[Site "www.echecsemail.com"]
[Date "2026.01.30"]
[Round "1"]
[White "Rachess"]
[Black "Neddy"]
[WhiteElo "1560"]
[BlackElo "1410"]
[Result "1-0"]
1.e4 Nb8c6
2.d4 d5
3.e5 Bc8f5
4.a3 e6
5.h4 h5
6.Ng1f3 Ng8e7
7.Bf1e2 Ne7g6
8.Nf3g5 Bf8e7
9.Be2xh5 a5
10.g4 Bf5e4
11.f3 f6
12.Ng5xe6 Qd8d7
13.Bh5xg6 Be4xg6
14.Ne6xg7 Kf7
15.e6 { abandon }1-0

[Event "Tournoi n27414"]
[Site "www.echecsemail.com"]
[Date "2026.01.30"]
[Round "1"]
[White "Mokanne"]
[Black "Jlr"]
[WhiteElo "1430"]
[BlackElo "1410"]
[Result "1-0"]
1.e4 e5
2.Bf1c4 Ng8f6
3.d3 Bf8c5
4.h3 h6
5.c3 g5
6.f3 Nb8c6
7.Qd1b3 O-O
8.Ng1e2 Kg7
9.Qb3c2 Nc6a5
10.b4 Na5xc4
11.bxc5 Nc4a5
12.Ne2g3 Qd8e7
13.Ng3f5 Kh7
14.Nf5xe7 Na5c6
15.Ne7xc6 bxc6
16.d4 Bc8a6
17.Bc1a3 Rf8b8
18.dxe5 Nf6h5
19.c4 Nh5f4
20.O-O Kg7
21.Kh2 Rb8e8
22.Ba3b2 Re8e6
23.g3 Nf4g6
24.Nb1d2 Ng6xe5
25.f4 gxf4
26.gxf4 f6
27.fxe5 fxe5
28.Rf1g1 Kh7
29.Qc2d3 Ra8f8
30.Qd3xd7 Kh8
31.Qd7xe6 Rf8f2
32.Rg1g2 Rf2f8
33.Qe6xe5 Kh7
34.Qe5g7 1-0

[Event "Défi"]
[Site "www.echecsemail.com"]
[Date "2026.01.30"]
[Round "1"]
[White "Intrigue"]
[Black "Burgman"]
[WhiteElo "1760"]
[BlackElo "1970"]
[Result "0-1"]
1.f4 e5
2.fxe5 d6
3.exd6 Bf8xd6
4.Ng1f3 g5
5.g3 g4
6.Nf3h4 Bd6e7
7.Nh4f5 Bc8xf5
8.d4 h5
9.Bc1f4 h4
10.Bf1g2 c6
11.Nb1c3 hxg3
12.Bf4xg3 Be7h4
13.Kf2 Bh4xg3
14.hxg3 Rh8xh1
15.Bg2xh1 Qd8f6
16.d5 Bf5xc2
{ abandon }0-1

[Event "Tournoi n27404"]
[Site "www.echecsemail.com"]
[Date "2026.01.30"]
[Round "1"]
[White "Aramis"]
[Black "Abelito"]
[WhiteElo "1570"]
[BlackElo "1550"]
[Result "1-0"]
1.d4 d5
2.Ng1f3 Bc8f5
3.e3 Ng8f6
4.Bf1d3 Bf5e4
5.O-O e6
6.Nb1d2 Be4f5
7.Bd3xf5 exf5
8.c3 Nb8c6
9.Nf3e5 Nc6xe5
10.dxe5 Nf6e4
11.Nd2xe4 fxe4
12.Qd1a4 c6
13.b4 Bf8e7
14.Qa4d1 b5
15.Bc1b2 c5
16.bxc5 Be7xc5
17.Qd1b3 Ra8b8
18.a3 a5
19.Qb3d1 O-O
20.Qd1c2 Rb8c8
21.Bb2c1 Qd8g5
22.Bc1d2 a4
23.Qc2d1 Qg5xe5
24.Qd1c1 Bc5d6
25.g3 Qe5h5
26.Qc1b1 Rc8b8
27.Qb1c1 Qh5g4
28.Qc1d1 Qg4h3
29.f4 h5
30.Qd1e2 Qh3g4
31.Qe2xg4 hxg4
32.Rf1b1 Rb8b7
33.Bd2e1 f5
34.Rb1d1 Rf8b8
35.Rd1xd5 Rb7b6
36.Rd5xf5 Bd6c5
37.Rf5xc5 { abandon }1-0

[Event "pour le plaisir  NOVEMBRE 2025"]
[Site "www.echecsemail.com"]
[Date "2026.01.30"]
[Round "1"]
[White "Patau"]
[Black "Rachess"]
[WhiteElo "1700"]
[BlackElo "1610"]
[Result "1/2-1/2"]
1.e4 e6
2.d4 d5
3.exd5 exd5
4.Bf1d3 Ng8f6
5.h3 Nf6e4
6.Bd3xe4 Qd8e7
7.Qd1e2 dxe4
8.Nb1c3 f5
9.f3 Qe7h4
10.Kf1 Bf8b4
11.fxe4 O-O
12.Ng1f3 fxe4
13.Qe2xe4 Qh4f6
14.Ke2 Nb8c6
15.Bc1g5 Qf6d6
16.Nc3d5 Bc8d7
17.c3 Ra8e8
18.Nf3e5 Nc6xe5
19.Kd1 Bb4xc3
20.Nd5xc3 Bd7f5
21.Qe4d5 Qd6xd5
22.Nc3xd5 Ne5d3
23.Kd2 Nd3xb2
24.Nd5xc7 Re8c8
25.Nc7d5 Rf8e8
26.Nd5e7 Re8xe7
27.Bg5xe7 Rc8c2
28.Ke3 Rc2xg2
29.Ra1f1 Nb2c4
30.Kf4 g6
31.Rf1c1 b5
32.a4 h6
33.axb5 Rg2f2
34.Kg3 Rf2c2
35.d5 Kf7
36.Rc1xc2 Bf5xc2
37.d6 Ke6
38.Rh1c1 Bc2d3
39.Rc1c3 Nc4e5
40.Rc3a3 Bd3xb5
41.Ra3xa7 g5
42.Ra7a5 Bb5d7
43.h4 Ne5c6
44.Ra5a3 Nc6xe7
45.dxe7 Kxe7
46.hxg5 hxg5
47.Ra3a5 Kf6
48.Ra5xg5 { nul }1/2-1/2

[Event "Défi"]
[Site "www.echecsemail.com"]
[Date "2026.01.30"]
[Round "1"]
[White "Mokanne"]
[Black "Jlr"]
[WhiteElo "1440"]
[BlackElo "1390"]
[Result "0-1"]
1.e4 e5
2.b3 Ng8f6
3.d3 h6
4.h3 g5
5.Bc1d2 Nb8c6
6.Bf1e2 Nc6d4
7.Bd2e3 c6
8.c3 Qd8a5
9.b4 Bf8xb4
10.cxb4 Qa5xb4
11.Be3d2 Qb4b2
12.Bd2c3 Qb2b6
13.Ng1f3 Nd4xf3
14.Be2xf3 d6
15.O-O h5
16.Nb1d2 g4
17.Bf3e2 g3
18.Nd2c4 Qb6c5
19.Be2f3 d5
20.Bc3xe5 Rh8h6
21.Nc4e3 dxe4
22.Be5xf6 Rh6xf6
23.d4 gxf2
24.Rf1xf2 Qc5g5
25.Bf3xh5 Qg5xe3
26.Qd1e1 Qe3xd4
27.Ra1d1 Qd4e5
28.Rf2xf6 Qe5xf6
29.Qe1xe4 Bc8e6
30.Rd1f1 Qf6h6
31.Bh5xf7 Ke7
32.Qe4b4 Kd7
33.Rf1d1 Kc7
34.Qb4a5 b6
35.Qa5e5 Kb7
36.Rd1d7 Be6xd7
37.Qe5e3 Qh6xe3
{ abandon }0-1

[Event "Tournoi n27428"]
[Site "www.echecsemail.com"]
[Date "2026.01.30"]
[Round "1"]
[White "Wenoketo"]
[Black "Tiounet"]
[WhiteElo "1680"]
[BlackElo "1600"]
[Result "1-0"]
1.d4 b5
2.Ng1f3 Bc8b7
3.e3 a6
4.Bf1e2 g6
5.O-O Bf8g7
6.Nb1d2 Ng8f6
7.a3 O-O
8.c3 d6
9.Ra1b1 Nb8d7
10.h3 c5
11.dxc5 Nd7xc5
12.Nf3d4 Nf6e4
13.Nd4b3 Ne4xd2
14.Nb3xd2 Nc5e4
15.Nd2xe4 Bb7xe4
16.Be2d3 Be4xd3
17.Qd1xd3 Qd8c7
18.Rf1d1 Rf8e8
19.Bc1d2 Qc7c5
20.Bd2e1 Qc5g5
21.Be1d2 Ra8c8
22.e4 Qg5h4
23.f3 Rc8c5
24.Bd2e1 Qh4g5
25.Be1d2 Qg5f6
26.Bd2e3 Rc5c4
27.Rd1d2 Qf6h4
28.Be3f2 Qh4h5
29.Rb1d1 Rc4c5
30.Bf2xc5 dxc5
31.Qd3d7 e6
32.Qd7xe8 Bg7f8
33.Rd2d8 Qh5h6
34.Rd8a8 c4
35.Rd1d8 Qh6e3
36.Kh2 Qe3f4
37.g3 { abandon }1-0

[Event "Tournoi n27415"]
[Site "www.echecsemail.com"]
[Date "2026.01.30"]
[Round "1"]
[White "Legrillon"]
[Black "Estrafolis"]
[WhiteElo "1760"]
[BlackElo "1660"]
[Result "1-0"]
1.e4 c5
2.c4 Nb8c6
3.Nb1c3 a6
4.d3 d6
5.h3 Ng8f6
6.Ng1f3 e6
7.Bc1g5 Bf8e7
8.Bf1e2 Qd8b6
9.O-O Qb6xb2
10.Qd1c1 Nc6d4
11.Qc1xb2 { abandon }1-0

[Event "ZGOUGOU"]
[Site "www.echecsemail.com"]
[Date "2026.01.30"]
[Round "1"]
[White "Mindthegap"]
[Black "4x4"]
[WhiteElo "1440"]
[BlackElo "1480"]
[Result "0-1"]
1.e4 e5
2.Ng1f3 Nb8c6
3.Nb1c3 Ng8f6
4.Bf1c4 d6
5.d3 Bc8e6
6.Bc1d2 Qd8d7
7.Bc4xe6 fxe6
8.a4 O-O-O
9.Bd2e3 Bf8e7
10.Nc3b5 a6
11.Nb5a7 Nc6xa7
12.Be3xa7 b6
13.Qd1e2 Kb7
14.d4 Kxa7
15.Nf3g5 Be7f8
16.O-O-O h6
17.dxe5 hxg5
18.exf6 gxf6
19.a5 b5
20.c4 bxc4
21.Qe2xc4 Rd8b8
22.Qc4d4 Ka8
23.Qd4xf6 Bf8e7
24.Qf6d4 Rh8c8
25.Qd4c4 Rb8b5
26.Rd1d3 Rb5c5
27.Qc4xc5 Qd7b5
28.Qc5xb5 axb5
29.Kd2 c5
30.Rh1a1 Rc8c6
31.a6 Ka7
32.Rd3h3 Rc6xa6
33.Ra1xa6 Kxa6
34.Rh3a3 Kb6
35.g3 Be7f6
36.Ra3f3 Bf6e5
37.b3 c4
38.bxc4 bxc4
39.Rf3f8 Kc5
40.Rf8c8 Kd4
41.Rc8g8 Be5f6
42.h4 Kxe4
43.hxg5 Bf6e5
44.Rg8h8 Be5xh8
45.Kd1 Kf3
46.g6 Kxf2
{ abandon }0-1